[Event "Liege Soultanbeieff op"]
[Site "Liege"]
[Date "2012.02.17"]
[Round "4"]
[White "Barbier, Frederic"]
[Black "Stefani, Philipe"]
[Result "1-0"]
[WhiteElo "1974"]
[BlackElo "1685"]
[PlyCount "43"]
[EventDate "2012.01.27"]
[EventType "swiss"]
[EventRounds "9"]
[EventCountry "BEL"]
[SourceTitle "EXT 2013"]
[Source "ChessBase"]
[SourceDate "2012.11.22"]
[SourceVersion "1"]
[SourceVersionDate "2012.11.22"]
[SourceQuality "1"]

1. c4 c6 2. Nf3 d5 3. e3 Nf6 4. b3 Nbd7 5. Bb2 e6 6. d4 Bd6 7. Bd3 0-0 8. 0-0 Re8 9. Ne5 Qc7 10. f4 c5 11. Nd2 a6 12. Rc1 Qa5 13. Qc2 b5 14. Rf3 cxd4 15. Nxd7 Bxd7 16. c5 Bxc5 17. Qxc5 Qxd2 18. Qxd4 Qa5 19. Rg3 Kf8 20. Qc5+ Re7 21. Bxf6 gxf6 22. Bxh7 1-0

[Event "Liege Soultanbeieff op"]
[Site "Liege"]
[Date "2012.02.10"]
[Round "3"]
[White "Becker, Joseph"]
[Black "Barbier, Frederic"]
[Result "0-1"]
[WhiteElo "1481"]
[BlackElo "1974"]
[PlyCount "74"]
[EventDate "2012.01.27"]
[EventType "swiss"]
[EventRounds "9"]
[EventCountry "BEL"]
[SourceTitle "EXT 2013"]
[Source "ChessBase"]
[SourceDate "2012.11.22"]
[SourceVersion "1"]
[SourceVersionDate "2012.11.22"]
[SourceQuality "1"]

1. d4 Nf6 2. Nf3 e6 3. Bf4 c5 4. c3 Nc6 5. e3 b6 6. Nbd2 Be7 7. Nc4 d5 8. Nce5 Nxe5 9. Nxe5 0-0 10. Bd3 Nd7 11. Nxd7 Bxd7 12. h4 f5 13. Be5 Bf6 14. Bxf6 Qxf6 15. f4 Qg6 16. Qe2 Rf6 17. Kd2 Rc8 18. Rag1 h5 19. Bc2 c4 20. Bd1 Be8 21. Rh3 Kh7 22. Qf3 Qh6 23. Rg3 g6 24. Qe2 Qf8 25. Bc2 b5 26. a3 a5 27. Ra1 Qe7 28. Rg5 Qc7 29. g4 b4 30. gxh5 gxh5 31. Rag1 Rb8 32. Rg7+ Qxg7 33. Rxg7+ Kxg7 34. Qg2+ Rg6 35. Qf3 bxa3 36. bxa3 Kf6 37. Qf2 Rb7 0-1

[Event "BEL-chT 1011"]
[Site "Belgium"]
[Date "2011.03.27"]
[Round "11.7"]
[White "Barbier, Frederic"]
[Black "Noiroux, Kevin"]
[Result "1/2-1/2"]
[WhiteElo "1789"]
[BlackElo "2190"]
[PlyCount "69"]
[EventDate "2010.09.26"]
[EventType "team-tourn"]
[EventRounds "11"]
[EventCountry "BEL"]
[SourceTitle "EXT 2012"]
[Source "ChessBase"]
[SourceDate "2011.11.24"]
[SourceVersion "1"]
[SourceVersionDate "2011.11.24"]
[SourceQuality "1"]
[WhiteTeam "Liege Crelel"]
[BlackTeam "Amay"]
[WhiteTeamCountry "BEL"]
[BlackTeamCountry "BEL"]

1. c4 Nf6 2. Nc3 e6 3. Nf3 Bb4 4. Qc2 Nc6 5. d3 h6 6. a3 Bxc3+ 7. Qxc3 a5 8. Bf4 d6 9. h3 e5 10. Bg3 Ne7 11. e3 0-0 12. Be2 Be6 13. 0-0 g5 14. Nh2 Nf5 15. Qe1 Nh7 16. Bg4 Nxg3 17. fxg3 f5 18. Bf3 c6 19. e4 Qb6+ 20. Qf2 Qxf2+ 21. Rxf2 fxe4 22. Bxe4 Nf6 23. Bf5 Bxf5 24. Rxf5 Nd7 25. g4 Nc5 26. Rd1 Ne6 27. Nf3 c5 28. g3 Kg7 29. Rf1 Ra6 30. Rxf8 Nxf8 31. Nd2 d5 32. cxd5 Rd6 33. Nc4 Rxd5 34. Kg2 Nd7 35. Rf3 1/2-1/2